00500nam a2200193 a 4500001001300000003000900013005001700022008004100039020001000080082001600090100001800106245004800124260004300172300000900215500003500224505001300259650001600272700001800288nice12345678IN_TiNIC20260116011601.0050524s1883 boma grp 000 0 eng  ac10000a340.59bCHE aCheragh Ali,  aProposed Political Legal and Social Reforms aBombaybEducation Societys Pressc1883 a183p aincludes index and biblioraphy2 aarchives aIslamic-Law1 aCheragh Ali,